| 000 | 00388nam a22001457a 4500 | ||
|---|---|---|---|
| 082 |
_a624.18341 _bMMC |
||
| 100 |
_aJack C. Mccormac _913409 |
||
| 245 | _aDesign of reinforced concrete | ||
| 250 | _a2nd | ||
| 260 |
_aNew York _bHarper collins publishers ltd. _c1986 |
||
| 300 |
_axi, 628 p. _bill. |
||
| 526 |
_a0 _b0 _c0 _d624_183410000000000_MMC |
||
| 650 |
_aMCE _9379 |
||
| 942 |
_2ddc _cBK |
||
| 999 |
_c549563 _d549563 |
||